[Event "Durban Ethekwini op"]
[Site "Durban"]
[Date "2017.03.20"]
[Round "6"]
[White "Naidu, Sayen"]
[Black "Khanyile, Wandumuzi Siphephel"]
[Result "1-0"]
[WhiteElo "1834"]
[BlackElo "1787"]
[PlyCount "157"]
[EventDate "2017.03.18"]
[EventType "swiss"]
[EventRounds "7"]
[EventCountry "RSA"]
[SourceTitle "CBM 177 Extra"]
[Source "ChessBase"]
[SourceDate "2017.04.27"]
[SourceVersion "1"]
[SourceVersionDate "2017.04.27"]
[SourceQuality "1"]

1. e4 e6 2. d4 d5 3. Nc3 Bb4 4. Nge2 dxe4 5. a3 Be7 6. Nxe4 b6 7. Be3 Bb7 8. f3 Nf6 9. N2c3 Nbd7 10. Bd3 Nd5 11. Nxd5 exd5 12. Ng3 Bf6 13. 0-0 0-0 14. Qd2 Re8 15. c3 g6 16. f4 Bg7 17. f5 c5 18. Bg5 f6 19. Be3 Qe7 20. Rf3 g5 21. Nh5 cxd4 22. cxd4 Qf7 23. g4 h6 24. Bf2 Rac8 25. Rc1 Rxc1+ 26. Qxc1 Rc8 27. Qe1 Re8 28. Qd1 Bc6 29. Ng3 Bf8 30. Re3 Rxe3 31. Bxe3 Qe8 32. Qf3 Qc8 33. Bd2 Bd6 34. Ne2 Qb7 35. Nc3 Kf7 36. h4 Nf8 37. Bc2 b5 38. b4 Nd7 39. hxg5 hxg5 40. Qh3 a5 41. Na2 Qb6 42. Be3 axb4 43. Nxb4 Bxb4 44. axb4 Qc7 45. Bd3 Qd6 46. Bd2 Ke7 47. Kg2 Kd8 48. Qe3 Kc7 49. Be1 Kd8 50. Qd2 Qf8 51. Qc3 Qe7 52. Bf2 Bb7 53. Bxb5 Qe4+ 54. Qf3 Qb1 55. Qe3 Qxb4 56. Bxd7 Kxd7 57. Qe6+ Kd8 58. Qxf6+ Qe7 59. Qe5 Kd7 60. Kg3 Qh7 61. Kg2 Qe7 62. Kf3 Qh7 63. Kg2 Qe7 64. Bg3 Qxe5 65. dxe5 d4+ 66. Kh3 Be4 67. Bf2 d3 68. Be3 Kc6 69. Bxg5 Kd5 70. e6 Ke5 71. Bd2 Kf6 72. Kg3 Bd5 73. Kf4 Bc4 74. Bc3+ Ke7 75. Ke5 Ke8 76. g5 Kf8 77. f6 d2 78. Bxd2 Bd3 79. Bb4+ 1-0